The last flowering of the middle ages (Record no. 5038)
[ view plain ]
| 000 -CABECERA | |
|---|---|
| campo de control de longitud fija | 00968nam a2200277 a 4500 |
| 001 - NÚMERO DE CONTROL | |
| campo de control | BRCA_5344 |
| 005 - FECHA Y HORA DE LA ÚLTIMA TRANSACCIÓN | |
| campo de control | 20190320205036.0 |
| 008 - DATOS DE LONGITUD FIJA--INFORMACIÓN GENERAL | |
| campo de control de longitud fija | 061210s1944----u--a######---#000-0#eng-# |
| 041 ## - CÓDIGO DE LENGUA | |
| Código de lengua del texto/banda sonora o título independiente | eng |
| 044 ## - CÓDIGO DEL PAÍS DE LA ENTIDAD EDITORA/PRODUCTORA | |
| Código MARC del país | u |
| 050 #4 - SIGNATURA TOPOGRÁFICA DE LA BIBLIOTECA DEL CONGRESO | |
| Número de clasificación | ND665 |
| Número de documento/Ítem | .E47 |
| -- | 1944 |
| 100 1# - ENTRADA PRINCIPAL--NOMBRE DE PERSONA | |
| Nombre de persona | Elst, Joseph Julien M. Ignace van der |
| 9 (RLIN) | 13703 |
| 245 10 - MENCIÓN DE TÍTULO | |
| Título | The last flowering of the middle ages |
| Mención de responsabilidad, etc. | by Joseph van der Elst. |
| 260 ## - PUBLICACIÓN, DISTRIBUCIÓN, ETC. | |
| Lugar de publicación, distribución, etc. | Estado Unidos |
| Nombre del editor, distribuidor, etc. | Doubleday Doran |
| Fecha de publicación, distribución, etc. | 1945 |
| 300 ## - DESCRIPCIÓN FÍSICA | |
| Extensión | 127 p. |
| Otras características físicas | il., (algunas a color) 107 láminas |
| Dimensiones | 31 cm. |
| 500 ## - NOTA GENERAL | |
| Nota general | Incluye índice de ilustraciones |
| 500 ## - NOTA GENERAL | |
| Nota general | Fecha de publicación en números romanos MCMXLV |
| 500 ## - NOTA GENERAL | |
| Nota general | E109 |
| 504 ## - NOTA DE BIBLIOGRAFÍA, ETC. | |
| Nota de bibliografía, etc. | Bibliografía: p. [128] |
| 505 0# - NOTA DE CONTENIDO CON FORMATO | |
| Nota de contenido con formato | Part I The times and the men who made them.-- Part II The flemish masters.-- Part III The flamish style |
| 650 14 - PUNTO DE ACCESO ADICIONAL DE MATERIA--TÉRMINO DE MATERIA | |
| Término de materia o nombre geográfico como elemento de entrada | Pintores flamencos |
| 9 (RLIN) | 7571 |
| 650 14 - PUNTO DE ACCESO ADICIONAL DE MATERIA--TÉRMINO DE MATERIA | |
| Término de materia o nombre geográfico como elemento de entrada | Pinturas flamencas |
| 9 (RLIN) | 13625 |
| 651 #4 - PUNTO DE ACCESO ADICIONAL DE MATERIA--NOMBRE GEOGRÁFICO | |
| Nombre geográfico | Flandes |
| Subdivisión general | Vida social y costumbres |
| 9 (RLIN) | 13704 |
| 902 ## - CATALOGADOR | |
| Iniciales | GFM |
| 942 ## - ELEMENTOS DE PUNTO DE ACCESO ADICIONAL (KOHA) | |
| Fuente del sistema de clasificación o colocación | Library of Congress Classification |
| Tipo de ítem Koha | Libros |
| Estado de retiro | Estado de pérdida | Estado dañado | No para préstamo | Localización permanente | Ubicación/localización actual | Fecha de adquisición | Número de inventario | Total de préstamos | Signatura topográfica completa | Código de barras | Fecha visto por última vez | Precio válido a partir de | Tipo de ítem Koha |
|---|---|---|---|---|---|---|---|---|---|---|---|---|---|
| El ejemplar forma parte de la colección y puede ser consultado según las políticas vigentes. | Biblioteca del Museo Franz Mayer (Rogerio Casas-Alatriste) | Biblioteca del Museo Franz Mayer (Rogerio Casas-Alatriste) | 06/12/2010 | E109 | ND665 .E47 1944 (E109) | 5779 | 22/03/2019 | 22/03/2019 | Libros |